000
00248nam a22000857a 4500
999
_c
11443
_d
11443
008
190524b ||||| |||| 00| 0 eng d
020
_a
978938636187
100
_9
7170
_a
KUMAR MANOJ
245
_a
GREAT NATIONALISTOF INDIA BHARAT RATNA ALTAL BIHARI VAJPAYEE